Faktory ovlivňující charakter porušení betonových prvků při namáhání ohybem = Failure mode of bended concrete members /

Hlavní autor: Vašková, Jitka, 1953-
Korporativní autor: České vysoké učení technické v Praze. Stavební fakulta
Jazyk: Čeština
Vydáno: V Praze : České vysoké učení technické, c2011
Edice: Habilitační přednášky ; 1/2011
Témata:
Fyzický popis: 29 s. : il. ; 21 cm
Language note: Anglické resumé
Knihy
Uloženo v:
LEADER 02103nam a2200541 a 4500
001 nkc20112163398
003 CZ PrNK
005 20110803082542.0
007 ta
008 110127s2011 xr a f m 000 0 cze
015 |a cnb002163398 
020 |a 978-80-01-04731-6  |q (brož.) 
035 |a (OCoLC)746835800 
040 |a BOA001  |b cze 
041 0 |a cze  |b eng 
072 7 |a 624  |x Stavební inženýrství  |2 Konspekt  |9 19 
080 |a 624.012.3/.4  |2 MRF 
080 |a 62-027.45  |2 MRF 
080 |a 691.32  |2 MRF 
080 |a 693.554  |2 MRF 
080 |a (043.5:042.3)  |2 MRF 
100 1 |a Vašková, Jitka,  |d 1953-  |7 ola2006340121  |4 aut 
245 1 0 |a Faktory ovlivňující charakter porušení betonových prvků při namáhání ohybem =  |b Failure mode of bended concrete members /  |c Jitka Vašková 
246 3 1 |a Failure mode of bended concrete members 
260 |a V Praze :  |b České vysoké učení technické,  |c c2011 
300 |a 29 s. :  |b il. ;  |c 21 cm 
490 1 |a Habilitační přednášky ;  |v 1/2011 
500 |a Nad názvem: České vysoké učení technické v Praze, Fakulta stavební 
500 |a 96 výt. 
504 |a Obsahuje bibliografii a bibliografické odkazy 
546 |a Anglické resumé 
650 0 7 |a betonové konstrukce  |7 ph114137  |2 czenas 
650 0 7 |a spolehlivost (technika)  |7 ph125917  |2 czenas 
650 0 7 |a beton  |7 ph114136  |2 czenas 
650 0 7 |a betonářská výztuž  |7 ph515807  |2 czenas 
650 0 9 |a concrete construction  |2 eczenas 
650 0 9 |a reliability (engineering)  |2 eczenas 
650 0 9 |a concrete  |2 eczenas 
650 0 9 |a concrete reinforcement  |2 eczenas 
655 7 |a habilitační přednášky  |7 fd187328  |2 czenas 
655 9 |a habilitation lectures  |2 eczenas 
710 2 |a České vysoké učení technické v Praze.  |b Stavební fakulta  |7 kn20010710181 
810 2 |a České vysoké učení technické v Praze.  |t Habilitační přednášky  |0 s 
910 2 |a BOA001  |b 2-1261.502 
990 |a BK 
995 |a 01 
991 |b 201103  |c NOV  |e n 
996 6 |b 2610468490  |c 2-1261.502  |l MZK  |r Sklad / do 1 hodiny  |n 0  |p p.v.  |w 001169745  |u 000010  |a 1  |e BOA001  |j MZK50  |s P